000 00590nam a2200229Ia 4500
008 160901s9999 xx 000 0 und d
020 _a1-904467-82-2
050 _aComSc Z 52.5
050 _b.W67 2005
245 _aWord 2003 :
245 _bright from the start /
245 _cedited by R.P. Richards.
260 _aGreat Britain :
260 _bPayne-Gallway Pub. Limited.,
260 _c2005
300 _a94 pages :
300 _bill. ;
300 _c25 cm.
500 _aIncludes index.
650 _aMicrosoft Word (Computer program).
650 _xWord processing.
999 _c300862
_d300862